Logo BPK

Biblioteka

Politechniki Koszalińskiej

Evolutionary Computation and Global Optimization 2007 : (Rekord nr 55069)

Szczegóły MARC
000 -ETYKIETA REKORDU
podpole kontrolne o stałej długości 01363nam a2200301 i 4500
001 - NUMER KONTROLNY REKORDU
pole kontrolne bg
022 ## - MIĘDZYNARODOWY ZNORMALIZOWANY NUMER WYDAWNICTW CIĄGŁYCH - ISSN
ISSN 01372343
040 ## - ŹRÓDŁO KATALOGOWANIA
Instytucja, która utworzyła rekord BPK
041 0# - KOD JĘZYKA
Kod języka tekstu eng
044 ## - KOD KRAJU WYDAWCY/PRODUCENTA
Kod kraju wydawcy/producenta POL
080 ## - UNIWERSALNA KLASYFIKACJA DZIESIĘTNA - UKD
UKD 004.021:519.85:510.5
008 - POLE O STAŁEJ DŁUGOŚCI - DANE KONTROLNE
podpole kontrolne o stałej długości s pl f |000 0 pol
245 0# - TYTUŁ/ODPOWIEDZIALNOŚĆ
Tytuł Evolutionary Computation and Global Optimization 2007 :
Ciąg dalszy tytułu June 11th - 13th, 2007 Będlewo /
Pozostałe elementy strefy tytułu i oznaczenia odpowiedzialności Jarosław Arabas (ed.) ; [org. Politechnika Warszawska, Naukowa i Akademicka Sieć Komputerowa (NASK)].
246 ## - WARIANT TYTUŁU
Tytuł Algorytmy Ewolucyjne i Optymalizacja Globalna
260 ## - STREFA ADRESU WYDAWNICZEGO
Miejsce wydania Warszawa :
Nazwa wydawcy/dystrybutora Oficyna Wydawnicza Politechniki Warszawskiej,
Data publikacji, dystrybucji/powstania dokumentu 2007.
300 ## - STREFA OPISU FIZYCZNEGO
Objętość 316 s. :
Inne cechy fizyczne il. ;
Rozmiary 23 cm.
490 1# - STREFA SERII I DOKUMENTU WIELOCZĘŚCIOWEGO - FORMA NIE DO WYSZUKIWANIA
Tytuł i oznaczenie odpowiedzialności serii Prace Naukowe / Politechnika Warszawska. Elektronika,
ISSN 0137-2343 ;
Numeracja w obrębie serii z. 160
500 ## - UWAGI OGÓLNE
Tekst uwagi Materiały wybrane przez Komitet Naukowy X Krajowej Konferncji Algorytmy Ewolucyjne i Optymalizacja Globalna.
500 ## - UWAGI OGÓLNE
Tekst uwagi Tyt. nagł. serii : Prace Naukowe Politechniki Warszawskiej.
504 ## - UWAGA DOTYCZĄCA BIBLIOGRAFII
Informacje o bibliografii Bibliogr. przy ref.
650 #9 - HASŁO PRZEDMIOTOWE W FORMIE NAZWY OGÓLNEJ LUB JEDNOSTKOWEJ
Nazwa ogólna lub geograficzna Algorytmy genetyczne
650 #9 - HASŁO PRZEDMIOTOWE W FORMIE NAZWY OGÓLNEJ LUB JEDNOSTKOWEJ
Nazwa ogólna lub geograficzna Optymalizacja
Określnik ogólny stosowanie
-- technika
655 ## - TERMIN INDEKSOWY - OKREŚLENIE RODZAJU/FORMY DOKUMENTU
Określenie rodzaju/formy dokumentu Materiały konferencyjne
700 1# - HASŁO DODATKOWE - NAZWA OSOBOWA
Nazwa osobowa Arabas, Jarosław.
Określenie związku między hasłem a opisywanym materiałem (Red.)
711 2# - HASŁO DODATKOWE - NAZWA IMPREZY
Nazwa imprezy Krajowa Konferencja Algorytmy Ewolucyjne i Optymalizacja Globalna
Oznaczenie części/sekcji dzieła (10 ;
Data imprezy 2007 ;
Miejsce imprezy Będlewo).
830 #0 - HASŁO DODATKOWE SERII LUB DOKUMENTU WIELOCZĘŚCIOWEGO - TYTUŁ UJEDNOLICONY
Tytuł ujednolicony Prace Naukowe - Politechnika Warszawska.
Nazwa części/sekcji dzieła Elektronika,
-- 0137-2343 ;
Oznaczenie tomu z. 160
856 ## - LOKALIZACJA I DOSTĘP DO ELEKTRONICZNYCH DOKUMENTÓW ZDALNYCH
Link (URL) http://koha.tu.koszalin.pl/cgi-bin/koha/opac-detail.pl?biblionumber=55069
Tekst linku Katalog online BPK
942 ## - DODATKOWE ELEMENTY (KOHA)
Typ dokumentu Książka
Egzemplarze
Wycofany Status egzemplarza Uszkodzony Dostępność Lokalizacja stała Lokalizacja bieżąca Miejsce przechowywania Sygnatura Kod kreskowy Typ dokumentu
      Dostępny Biblioteka Politechniki Koszalińskiej Biblioteka Politechniki Koszalińskiej Wypożyczalnia BG 87630 02427515 Książka
© 2023 Biblioteka Politechniki Koszalińskiej :: KOHA